State of the art in computer graphics : visualization and modeling /

Bibliographic Details
Other Authors: Rogers, David F., 1937-, Earnshaw, Rae A., 1944-
Format: Book
Language:English
Published: New York : Springer-Verlag, [1991]
Subjects:

MARC

Tag First Indicator Second Indicator Subfields
LEADER 00000cam a2200000 a 4500
001 in00001039321
005 20150928151144.0
008 910422s1991 nyua b 001 0 eng
010 |a  91017348  
020 |a 0387975608 (alk. paper) 
020 |a 3540975608 (Berlin) 
035 |a (OCoLC)23732685 
035 |9 AFH0654AM 
040 |a DLC  |c DLC  |d PMC  |d TXA  |d UtOrBLW 
049 |a TXAM 
050 0 0 |a T385  |b .S73 1991 
082 0 0 |a 006.6  |2 20 
245 0 0 |a State of the art in computer graphics :  |b visualization and modeling /  |c David F. Rogers, Rae A. Earnshaw, editors. 
264 1 |a New York :  |b Springer-Verlag,  |c [1991] 
264 4 |c ©1991 
300 |a 368 pages :  |b illustrations (some color) ;  |c 25 cm. 
336 |a text  |b txt  |2 rdacontent 
337 |a unmediated  |b n  |2 rdamedia 
338 |a volume  |b nc  |2 rdacarrier 
504 |a Includes bibliographical references and index. 
505 0 |a Graphics algorithms for parallel machines / Franklin C. Crow -- Evolution of 3D graphics architectures / Turner Whitted -- Radiosity / Michael F. Cohen -- Interpolation for polygon texture mapping and shading / Paul S. Heckbert & Henry P. Moreton -- Random processes in computer graphics / Alain Fournier -- Supporting complexity and conceptual design in modeling tools / Roy Hall -- Combinatorial solid geometry, boundary representations, n-Manifold geometry / Michael John Muuss & Lee A. Butler -- Rational B-spline curves and surfaces for CAD and graphics / Les A. Piegl -- Software tools for designing and implementing user-computer interfaces / James Foley -- Volumetric visualization techniques / Craig Upson. 
650 0 |a Computer graphics. 
700 1 |a Rogers, David F.,  |d 1937- 
700 1 |a Earnshaw, Rae A.,  |d 1944- 
999 |a MARS 
999 f f |s 7d8876e5-5068-37aa-81a7-26a1d5cc67df  |i 89c60518-b310-3103-9fcf-38295c74cf5c  |t 0 
952 f f |p normal  |a Texas A&M University  |b College Station  |c Sterling C. Evans Library  |d Evans: Library Stacks  |t 0  |e T385 .S73 1991  |h Library of Congress classification  |i unmediated -- volume  |m A14815108933 
998 f f |a T385 .S73 1991  |t 0  |l Evans: Library Stacks